000 00627nam a2200205 a 4500
001 BRCA_2557
005 20190320203850.0
008 261108s1946----nyua---###---#000-0#eng-#
050 4 _aNK4380
_b.H66 1946
100 1 _aHoney, William Bowyer
_97321
245 1 0 _aDresden China
_ban introduction to the study of Meissen porcelain
_cby W.B. Honey.
260 _aTroy, Nueva York
_bD. Rosenfeld
_c1946
300 _a223 p.
_bil., 61 láminas
_c23 cm.
500 _aIncluye índice alfabético
500 _aA37
650 1 4 _aDresden, Cerámica de
_97322
650 1 4 _aCerámica
_zAlemania
_97323
902 _aGFM
942 _2lcc
_cB
999 _c2297
_d2297